00705cam a2200193 i 4500020002900000020002500029082001700054100003600071245011400107260003200221300002300253563000700276650002400283650002800307650002000335942001200355999001900367952012500386 a9780735224933qhardcover a9780735224940qebook00a303.385bEBE1 aEberhardt, Jennifer L.eauthor.10aBiased: uncovering the hidden prejudice that shapes what we see, think, and do /cJennifer L. Eberhardt. PhD. aUSA:bPenguin Books;c2020. a340 pages ;c24 cm aPB 0aPrejudices.9130800 0aDiscrimination.9130827 0aRacism.9101762 2ddccBK c615003d615003 00102ddc406303_385000000000000_EBE709642697aCLbCLd2025-10-03l0o303.385 EBEpLC-454r2025-10-03w2025-10-03yBK